| 000 | 00656nam a22001935i 4500 | ||
|---|---|---|---|
| 001 | 170362 | ||
| 003 | ES-MaACL | ||
| 005 | 20230906214351.0 | ||
| 008 | 090226s1882 fr |||| | fre d | ||
| 080 | _a782.6 | ||
| 100 | 1 |
_aCarré, Michel. _9138040 |
|
| 245 | 1 | 3 |
_aLa statue _b: opéra-comique en trois actes / _cpar Michel Carré et Jules Barbier ; musique de E. Reyer. |
| 260 |
_aParis : _bCalmann Lévy, _c1882. |
||
| 300 |
_a55 p. ; _c19 cm. |
||
| 650 | 1 | 4 |
_aOperetas- _vLibretos. _9139352 |
| 700 | 1 |
_aBarbier, Jules. _925457 |
|
| 700 | 1 |
_aReyer, Ernest. _9137928 |
|
| 852 |
_aES-MaACL _j2250-F-12 _9R.14102 _z.- Biblioteca Jacinto Martínez Lacalle |
||
| 999 |
_c170362 _d170362 |
||